000 00379pab a2200145 454500
008 180718b xxu||||| |||| 00| 0 eng d
100 _aPhansalkar, S.J.
245 _aEdible oil policy: from default towards design
650 _a Policy
650 _a Edible Oil
650 _aOils and Fats, Edible
700 _aGulati, V.P
773 _aEconomic and Political Weekly
909 _a326
999 _c326
_d326